000 00542nam a22001937a 4500
005 20251108170904.0
008 250721s1982 xx 000 0 ara d
082 1 4 _aط/627/وبس
100 1 _aوبستر، جيمس
245 1 0 _aالماء /
264 1 _aبيروت :
_bمكتبة لبنان،
_c1982.
300 _a51ص
490 0 _aالكتب الرائدة
650 1 7 _aالماء
653 _aناشئون صغار (10-14) سنة
700 1 _aالعدناني، محمد
_eترجمة
942 _2ddc
_cBK
999 _c51398
_d51398